Gas turbine theory. -- 4th ed. (Record no. 44312)

MARC details
000 -LEADER
fixed length control field 00745nam a2200217 a 4500
001 - CONTROL NUMBER
control field 517065
008 - FIXED-LENGTH DATA ELEMENTS--GENERAL INFORMATION
fixed length control field 120620s1996 ||||||||||||||||| || u
010 ## - LIBRARY OF CONGRESS CONTROL NUMBER
LC control number 86021478
020 ## - INTERNATIONAL STANDARD BOOK NUMBER
International Standard Book Number 0470207051 (Wiley)
050 ## - LIBRARY OF CONGRESS CALL NUMBER
Classification number TJ 778 Coh
100 ## - MAIN ENTRY--PERSONAL NAME
Personal name Rogers, G. F. C
245 10 - TITLE STATEMENT
Title Gas turbine theory. -- 4th ed.
Statement of responsibility, etc. by H. Cohen; G.F.C. Rogers; H.I.H. Saravanamuttoo
250 ## - EDITION STATEMENT
Edition statement 4th ed.
260 ## - PUBLICATION, DISTRIBUTION, ETC.
Place of publication, distribution, etc. Essex, England:
Name of publisher, distributor, etc. Addison-Wesley Longman
Date of publication, distribution, etc. 1996
300 ## - PHYSICAL DESCRIPTION
Extent xii, 442p.: ill.
350 ## - PRICE (NR) (BK AM CF MU VM SE) [OBSOLETE]
Price 0.00
650 ## - SUBJECT ADDED ENTRY--TOPICAL TERM
Topical term or geographic name entry element GAS--TURBINES
700 ## - ADDED ENTRY--PERSONAL NAME
Personal name Saravanamuttoo, H. I. H
700 ## - ADDED ENTRY--PERSONAL NAME
Personal name Cohen, H
995 ## - RECOMMENDATION 995 [LOCAL, UNIMARC FRANCE]
-- CBU-MAIN LIBRARY (Kitwe)
-- 0.00
-- 1
-- AVAILABLE
-- Jun 20, 2012
-- Main Library Open Access Collection
Holdings
Withdrawn status Lost status Source of classification or shelving scheme Damaged status Not for loan Home library Current library Shelving location Date acquired Total Checkouts Full call number Barcode Date last seen Price effective from Koha item type
          CBU-MAIN LIBRARY, KITWE. CBU-MAIN LIBRARY, KITWE.   11/30/2022   TJ 778 Coh 742845 11/30/2022 11/30/2022 MONOGRAPH